| 000 | 00546nam a2200169 i 4500 | ||
|---|---|---|---|
| 001 | 59823 | ||
| 003 | ES-MaACL | ||
| 005 | 20230906164114.0 | ||
| 007 | t| | ||
| 008 | 031031s1919 xxk ||||1| eng d | ||
| 100 | 1 |
_aEnock, C. Reginald. _947255 |
|
| 245 | 1 | 0 |
_aEcuador _b: its ancient and modern history, topography and natural resources, industries and social development / _cC. Reginald Enock. |
| 260 |
_aLondon : _bJ. Fisher, _c1919. |
||
| 300 |
_a376 p. ; _c23 cm. |
||
| 651 | 4 |
_aEcuador- _xDescripción. _9161101 |
|
| 852 |
_aES-MaACL _jF-4976 |
||
| 999 |
_c59823 _d59823 |
||